Sázka na mladou generaci zvýši bankám zisky
Prieskum uskutočnený v Spojených štátoch amerických. Prispôsobenie bankových služieb potrebám mladej generácie. Mladí klienti a služby v oblasti finančného poradenstva. Virtuálne banky. Mobilné a online bankové služby. Spolupráca bánk s internetovými a sociálnymi sieťami.
Saved in:
| Main Author: | |
|---|---|
| Format: | Book Chapter |
| Language: | Czech |
| Subjects: | |
| Tags: |
No Tags, Be the first to tag this record!
|
MARC
| LEADER | 00000naa$a2200000$$$4500 | ||
|---|---|---|---|
| 001 | 0117203 | ||
| 005 | 20231129093613.3 | ||
| 041 | 0 | |a cze | |
| 044 | |a CZ | ||
| 245 | 1 | 0 | |a Sázka na mladou generaci zvýši bankám zisky |c Jaroslav Babický |
| 520 | |a Prieskum uskutočnený v Spojených štátoch amerických. Prispôsobenie bankových služieb potrebám mladej generácie. Mladí klienti a služby v oblasti finančného poradenstva. Virtuálne banky. Mobilné a online bankové služby. Spolupráca bánk s internetovými a sociálnymi sieťami. | ||
| 610 | 2 | 0 | |a banky |
| 610 | 2 | 0 | |a služby bankové |
| 610 | 2 | 0 | |a služby finančné |
| 610 | 2 | 0 | |a komunikácia elektronická |
| 610 | 2 | 0 | |a internetbanking |
| 610 | 2 | 0 | |a bankovníctvo elektronické |
| 610 | 2 | 0 | |a telefón mobilný |
| 610 | 2 | 0 | |a služby digitálne |
| 610 | 2 | 0 | |a USA |
| 610 | 2 | 0 | |a prieskum informačný |
| 100 | 1 | |a Babický, Jaroslav | |